[Event "GBR-ch Major 102nd"]
[Site "Coventry"]
[Date "2015.07.27"]
[Round "1"]
[White "Whitehead, Mark A"]
[Black "Clayton, Tristan"]
[Result "1/2-1/2"]
[WhiteElo "2005"]
[BlackElo "1740"]
[PlyCount "61"]
[EventDate "2015.07.27"]
[EventType "swiss"]
[EventRounds "11"]
[EventCountry "ENG"]
[SourceTitle "CBM 167 Extra"]
[Source "ChessBase"]
[SourceDate "2015.09.14"]
[SourceVersion "1"]
[SourceVersionDate "2015.09.14"]
[SourceQuality "1"]

1. e4 c6 2. d4 d5 3. Nd2 dxe4 4. Nxe4 Nf6 5. Ng3 g6 6. Nf3 Bg4 7. Be2 Nbd7 8. 0-0 Bg7 9. c3 0-0 10. Re1 Qc7 11. Bg5 Rad8 12. Qc2 Rfe8 13. Ne5 Nxe5 14. dxe5 Bxe2 15. Qxe2 Nd5 16. Rad1 h6 17. Bc1 Qa5 18. a3 Nc7 19. b4 Qxe5 20. Rxd8 Rxd8 21. Qxe5 Bxe5 22. Rxe5 Rd1+ 23. Nf1 Rxc1 24. Rxe7 Nd5 25. Rxb7 Nxc3 26. g3 Ne4 27. Rd7 Ra1 28. f3 Ng5 29. Rd3 Kg7 30. h4 Ne6 31. Kf2 1/2-1/2

[Event "London Classic op 5th"]
[Site "London"]
[Date "2013.12.10"]
[Round "4"]
[White "Warstad, Leif Edvin"]
[Black "Clayton, Tristan"]
[Result "0-1"]
[WhiteElo "1564"]
[BlackElo "1832"]
[PlyCount "86"]
[EventDate "2013.12.07"]
[EventType "swiss"]
[EventRounds "9"]
[EventCountry "ENG"]
[SourceTitle "CBM 157 Extra"]
[Source "ChessBase"]
[SourceDate "2013.12.19"]
[SourceVersion "1"]
[SourceVersionDate "2013.12.19"]
[SourceQuality "1"]

1. Nf3 d5 2. d4 Nf6 3. c4 e6 4. Nc3 Be7 5. Bf4 c6 6. e3 0-0 7. Be2 Nbd7 8. 0-0 Re8 9. Rc1 Nf8 10. Ne5 Ng6 11. Nxg6 hxg6 12. c5 Nd7 13. Bg3 e5 14. b4 exd4 15. exd4 a6 16. a4 Bf6 17. Bf3 Nf8 18. Ne2 Bf5 19. Re1 Ne6 20. Bd6 Nxd4 21. Nxd4 Rxe1+ 22. Qxe1 Bxd4 23. Qd2 Bf6 24. Re1 Qd7 25. Be2 Re8 26. Kf1 Be5 27. Bxe5 Rxe5 28. Bd3 Rxe1+ 29. Kxe1 Qe6+ 30. Kf1 Bxd3+ 31. Qxd3 Qe5 32. g3 Qa1+ 33. Kg2 Qxa4 34. Qd2 Qa1 35. Qf4 Qe1 36. Qb8+ Kh7 37. Qxb7 Qe4+ 38. Kg1 d4 39. Qxa6 d3 40. Qc8 g5 41. Qd7 Qe1+ 42. Kg2 d2 43. Qf5+ Kh6 0-1

[Event "Gatwick e2e4 op U1950"]
[Site "Crawley"]
[Date "2013.11.01"]
[Round "1"]
[White "McLaren, Charlie"]
[Black "Clayton, Tristan"]
[Result "1-0"]
[WhiteElo "1673"]
[BlackElo "1825"]
[PlyCount "49"]
[EventDate "2013.11.01"]
[EventType "swiss"]
[EventRounds "5"]
[EventCountry "ENG"]
[SourceTitle "EXT 2015"]
[Source "ChessBase"]
[SourceDate "2014.11.20"]
[SourceVersion "1"]
[SourceVersionDate "2014.11.20"]
[SourceQuality "1"]

1. d4 d5 2. c4 e6 3. Nc3 Nf6 4. cxd5 exd5 5. Bg5 c6 6. e3 Be7 7. Bd3 0-0 8. Qc2 Nbd7 9. Nge2 Re8 10. 0-0 Nf8 11. f3 Be6 12. Rad1 Ng6 13. Kh1 Rc8 14. e4 Nh5 15. Be3 Bg5 16. Qd2 Bxe3 17. Qxe3 Qh4 18. e5 Ne7 19. g4 c5 20. gxh5 cxd4 21. Nxd4 Bh3 22. Rg1 Qxh5 23. Rg5 Qh6 24. Rdg1 g6 25. Rxg6+ 1-0

[Event "Hampstead op U2200 09"]
[Site "Hampstead"]
[Date "2013.09.29"]
[Round "5"]
[White "Clayton, Tristan"]
[Black "Ismailov, Roman"]
[Result "1-0"]
[WhiteElo "1825"]
[BlackElo "2051"]
[PlyCount "121"]
[EventDate "2013.09.28"]
[EventType "swiss"]
[EventRounds "5"]
[EventCountry "ENG"]
[SourceTitle "EXT 2015"]
[Source "ChessBase"]
[SourceDate "2014.11.20"]
[SourceVersion "1"]
[SourceVersionDate "2014.11.20"]
[SourceQuality "1"]

1. e4 c5 2. Nf3 e6 3. Nc3 d6 4. Bb5+ Nc6 5. 0-0 a6 6. Bxc6+ bxc6 7. d3 Qc7 8. Qe2 Ne7 9. Bg5 Ng6 10. Nd2 Rb8 11. b3 Be7 12. Bxe7 Nxe7 13. f4 0-0 14. Nf3 a5 15. Qf2 Ba6 16. Rfe1 c4 17. dxc4 d5 18. exd5 cxd5 19. Na4 dxc4 20. Nc5 Bc8 21. Ne5 Rb5 22. Ne4 cxb3 23. cxb3 Bb7 24. Rac1 Qd8 25. Red1 Rd5 26. Rxd5 Bxd5 27. Nc5 f6 28. Ng4 Qd6 29. Ne3 Rc8 30. Nxd5 exd5 31. Nd3 Re8 32. Qc5 Qa6 33. Re1 Kf7 34. Nf2 Qa8 35. Qc7 a4 36. Qd7 axb3 37. axb3 Qb8 38. Qa4 Qb6 39. Kf1 Rd8 40. b4 Nf5 41. Qa5 Qd6 42. b5 Qxf4 43. Qxd8 Ne3+ 44. Rxe3 Qxe3 45. Qxd5+ Kf8 46. Qd8+ Kf7 47. Qc7+ Kf8 48. Qc2 h5 49. Qe2 Qc1+ 50. Nd1 Qf4+ 51. Kg1 h4 52. Ne3 Qd4 53. Kf1 Qf4+ 54. Qf3 Qxh2 55. Qa8+ Kf7 56. Qb7+ Kg6 57. Qe4+ Kf7 58. Qd5+ Kg6 59. Qf5+ Kf7 60. Ng4 Ke7 61. Nxh2 1-0

[Event "High Wycombe e2e4 U2000 op 03"]
[Site "High Wycombe"]
[Date "2013.03.09"]
[Round "2"]
[White "Clayton, Tristan"]
[Black "Jackson, Gary"]
[Result "1-0"]
[WhiteElo "1807"]
[BlackElo "1926"]
[PlyCount "53"]
[EventDate "2013.03.08"]
[EventType "swiss"]
[EventRounds "5"]
[EventCountry "ENG"]
[SourceTitle "EXT 2015"]
[Source "ChessBase"]
[SourceDate "2014.11.20"]
[SourceVersion "1"]
[SourceVersionDate "2014.11.20"]
[SourceQuality "1"]

1. e4 c5 2. Nc3 d6 3. Bb5+ Bd7 4. Bxd7+ Nxd7 5. f4 Ngf6 6. Nf3 g6 7. 0-0 Bg7 8. d3 0-0 9. Qe1 a6 10. Qh4 b5 11. e5 Ne8 12. e6 Ndf6 13. Ng5 Nc7 14. exf7+ Kh8 15. Nce4 h6 16. f5 Nxe4 17. dxe4 gxf5 18. exf5 Qc8 19. f6 Nd5 20. fxg7+ Kxg7 21. Nh7 Qe6 22. Nxf8 Rxf8 23. b3 Kh7 24. Bxh6 Qxh6 25. Qe4+ Qg6 26. Qxd5 Qxc2 27. Qf5+ 1-0

[Event "High Wycombe e2e4 U2000 op 03"]
[Site "High Wycombe"]
[Date "2013.03.08"]
[Round "1"]
[White "Clayton, Tristan"]
[Black "Simpson, Derek"]
[Result "1-0"]
[WhiteElo "1807"]
[BlackElo "1596"]
[PlyCount "87"]
[EventDate "2013.03.08"]
[EventType "swiss"]
[EventRounds "5"]
[EventCountry "ENG"]
[SourceTitle "EXT 2015"]
[Source "ChessBase"]
[SourceDate "2014.11.20"]
[SourceVersion "1"]
[SourceVersionDate "2014.11.20"]
[SourceQuality "1"]

1. e4 c6 2. d4 d5 3. Nc3 dxe4 4. Nxe4 Nf6 5. Nxf6+ exf6 6. Bf4 Bd6 7. Bxd6 Qxd6 8. Qd2 0-0 9. 0-0-0 Be6 10. Kb1 Na6 11. c3 Nc7 12. Nf3 b5 13. Bd3 a5 14. Qc2 h6 15. Rhe1 Qd5 16. b3 Qd6 17. Nd2 Na6 18. Ne4 Qd8 19. f3 b4 20. Bxa6 Rxa6 21. Nc5 Qc8 22. Nxa6 Bf5 23. Re4 Qxa6 24. cxb4 axb4 25. Qc4 Qxc4 26. bxc4 Re8 27. Rde1 Rd8 28. Kb2 Bxe4 29. Rxe4 f5 30. Rf4 g5 31. Rxf5 Rxd4 32. Kb3 Rd1 33. Kxb4 Rb1+ 34. Kc5 Ra1 35. Kxc6 Rxa2 36. g4 Rc2 37. c5 Re2 38. Kb6 Rb2+ 39. Kc7 Rxh2 40. c6 Kf8 41. Kd6 Rd2+ 42. Rd5 Rxd5+ 43. Kxd5 Ke7 44. Ke5 1-0

[Event "Brighton e2e4 Major"]
[Site "Brighton"]
[Date "2013.02.19"]
[Round "6"]
[White "Clayton, Tristan"]
[Black "Georgiev, Ivan1111"]
[Result "1/2-1/2"]
[WhiteElo "1815"]
[BlackElo "1775"]
[PlyCount "101"]
[EventDate "2013.02.16"]
[EventType "swiss"]
[EventRounds "9"]
[EventCountry "ENG"]
[SourceTitle "EXT 2014"]
[Source "ChessBase"]
[SourceDate "2013.11.20"]
[SourceVersion "1"]
[SourceVersionDate "2013.11.20"]
[SourceQuality "1"]

1. e4 c5 2. Nf3 e6 3. d4 cxd4 4. Nxd4 Nc6 5. Be2 a6 6. 0-0 Qc7 7. Kh1 Nf6 8. Nc3 Bb4 9. Qd3 Nxd4 10. Qxd4 Bc5 11. Qd3 b5 12. Be3 Bb7 13. Bf3 Be7 14. Ne2 d5 15. exd5 Bxd5 16. Bf4 Qc5 17. c3 Bxf3 18. Qxf3 0-0 19. Be3 Qc7 20. Nf4 Rfd8 21. Rfd1 e5 22. Nd5 Nxd5 23. Rxd5 Rxd5 24. Qxd5 Rd8 25. Qb3 Qc4 26. h3 f5 27. Rd1 Qxb3 28. Rxd8+ Bxd8 29. axb3 Kf7 30. Kg1 Ke6 31. Kf1 Kd5 32. Ke2 a5 33. f3 a4 34. c4+ Kc6 35. cxb5+ Kxb5 36. bxa4+ Kxa4 37. g4 fxg4 38. fxg4 Kb3 39. Kd3 Kxb2 40. Ke4 Bc7 41. Bf2 Bd8 42. Kxe5 Kc2 43. Kf5 Kd3 44. Bc5 g6+ 45. Kf4 h5 46. gxh5 gxh5 47. Bf8 Ke2 48. Bh6 Kf2 49. Bg5 Bc7+ 50. Kf5 Kg2 51. Kg6 1/2-1/2

[Event "Brighton e2e4 Major"]
[Site "Brighton"]
[Date "2013.02.18"]
[Round "5"]
[White "Clayton, Tristan"]
[Black "Altman, Joshua"]
[Result "1/2-1/2"]
[WhiteElo "1815"]
[BlackElo "1563"]
[PlyCount "100"]
[EventDate "2013.02.16"]
[EventType "swiss"]
[EventRounds "9"]
[EventCountry "ENG"]
[SourceTitle "EXT 2014"]
[Source "ChessBase"]
[SourceDate "2013.11.20"]
[SourceVersion "1"]
[SourceVersionDate "2013.11.20"]
[SourceQuality "1"]

1. e4 c5 2. Nc3 g6 3. f4 Bg7 4. Nf3 Nc6 5. Bc4 e6 6. 0-0 Nge7 7. a3 0-0 8. d3 d5 9. exd5 exd5 10. Ba2 a6 11. Bd2 b5 12. Ne2 Bxb2 13. Rb1 Bg7 14. Bc3 d4 15. Bd2 Nf5 16. Ng5 Qe7 17. Kh1 Ne3 18. Bxe3 dxe3 19. Bd5 Bb7 20. Qe1 Nd4 21. Bxb7 Qxb7 22. c3 Nf5 23. Ne4 Qc6 24. N2g3 Nxg3+ 25. Qxg3 f5 26. Ng5 h6 27. Nf3 Rad8 28. d4 cxd4 29. cxd4 Bxd4 30. Nxd4 Rxd4 31. Qxe3 Rfd8 32. Rbc1 Qd6 33. Qb3+ Qd5 34. Qg3 Qd6 35. Qb3+ Qd5 36. Qg3 Kh7 37. Rc7+ Rd7 38. Rxd7+ Qxd7 39. Re1 Rd1 40. h3 Qd2 41. Rxd1 Qxd1+ 42. Kh2 Qd6 43. h4 h5 44. Kh3 Qd1 45. Kh2 Qg4 46. Qf2 Kh6 47. g3 Qd1 48. Qb2 Kh7 49. Qa2 Kh6 50. Qb2 Kh7 1/2-1/2

[Event "Brighton e2e4 Major"]
[Site "Brighton"]
[Date "2013.02.17"]
[Round "3"]
[White "Vyvyan, Philippe"]
[Black "Clayton, Tristan"]
[Result "0-1"]
[WhiteElo "1745"]
[BlackElo "1815"]
[PlyCount "75"]
[EventDate "2013.02.16"]
[EventType "swiss"]
[EventRounds "9"]
[EventCountry "ENG"]
[SourceTitle "EXT 2014"]
[Source "ChessBase"]
[SourceDate "2013.11.20"]
[SourceVersion "1"]
[SourceVersionDate "2013.11.20"]
[SourceQuality "1"]

1. e4 c6 2. d4 d5 3. e5 Bf5 4. Nf3 e6 5. a3 Ne7 6. Be2 Nd7 7. 0-0 Bg4 8. Nbd2 Nf5 9. h3 h5 10. Re1 Bxf3 11. Nxf3 Be7 12. Bd3 Nh4 13. Nh2 g6 14. g3 Nf5 15. Nf3 Qb6 16. c3 c5 17. Qa4 c4 18. Bc2 Qc7 19. b3 0-0 20. g4 Ng7 21. Bb1 a6 22. b4 b5 23. Qc2 a5 24. Qd2 f5 25. gxh5 Nxh5 26. Qh6 Kf7 27. Qh7+ Ng7 28. Bh6 Rg8 29. Bxg7 Rxg7 30. Qh6 Qd8 31. h4 Qg8 32. Ng5+ Bxg5 33. Qxg5 Rh7 34. Kf1 Rh5 35. Qg3 axb4 36. cxb4 Qh7 37. Ke2 Rxh4 38. Qe3 0-1

[Event "Hastings Masters op 88th"]
[Site "Hastings"]
[Date "2012.12.28"]
[Round "1"]
[White "Hutchinson, Norman A"]
[Black "Clayton, Tristan"]
[Result "1-0"]
[WhiteElo "2108"]
[BlackElo "1830"]
[PlyCount "65"]
[EventDate "2012.12.28"]
[EventType "swiss"]
[EventRounds "10"]
[EventCountry "ENG"]
[SourceTitle "CBM 152 Extra"]
[Source "ChessBase"]
[SourceDate "2013.02.25"]
[SourceVersion "1"]
[SourceVersionDate "2013.02.25"]
[SourceQuality "1"]

1. e4 c6 2. c4 d5 3. cxd5 cxd5 4. exd5 Qxd5 5. Nc3 Qd8 6. Nf3 Nf6 7. Bc4 e6 8. 0-0 Be7 9. d4 0-0 10. Re1 Nbd7 11. Bg5 Nb6 12. Bb3 Nbd5 13. Ne5 Bd7 14. Qf3 Rc8 15. Nxd5 Nxd5 16. Bxe7 Nxe7 17. Qxb7 Rc7 18. Qe4 Bb5 19. Rac1 Qc8 20. Rxc7 Qxc7 21. Qf4 Nd5 22. Bxd5 exd5 23. Rc1 Qb8 24. Qf3 Ba6 25. b3 Qb4 26. Qe3 Qb5 27. h3 Re8 28. Qf4 f6 29. Rc7 Qb8 30. Nc6 Qb5 31. Qg4 g6 32. Qd7 Re1+ 33. Kh2 1-0

[Event "London e2e4 Diamond Jubilee op-C"]
[Site "London"]
[Date "2012.06.05"]
[Round "7"]
[White "Clayton, Tristan"]
[Black "Shah, Dipak K"]
[Result "1-0"]
[WhiteElo "1817"]
[BlackElo "1929"]
[PlyCount "63"]
[EventDate "2012.06.02"]
[EventType "swiss"]
[EventRounds "7"]
[EventCountry "ENG"]
[SourceTitle "EXT 2014"]
[Source "ChessBase"]
[SourceDate "2013.11.20"]
[SourceVersion "1"]
[SourceVersionDate "2013.11.20"]
[SourceQuality "1"]

1. e4 e5 2. Nf3 Nc6 3. d4 exd4 4. Nxd4 Nxd4 5. Qxd4 d6 6. Bc4 Nf6 7. 0-0 Be7 8. Nc3 0-0 9. Ne2 Be6 10. Ng3 a6 11. c3 c5 12. Qd3 Bxc4 13. Qxc4 b5 14. Qe2 Qc7 15. c4 b4 16. b3 Rfe8 17. Qc2 Ng4 18. h3 Ne5 19. Bb2 Bf6 20. Nh5 Nd7 21. Nxf6+ Nxf6 22. Bxf6 gxf6 23. Rad1 Qe7 24. Rd5 Ra7 25. Rfd1 Rd7 26. f3 Qf8 27. Rxc5 dxc5 28. Rxd7 Rd8 29. Rd5 Rxd5 30. exd5 Qe7 31. Qe4 Qd7 32. Qg4+ 1-0

[Event "London e2e4 Diamond Jubilee op-C"]
[Site "London"]
[Date "2012.06.04"]
[Round "5"]
[White "Clayton, Tristan"]
[Black "Fisher, Robert HC"]
[Result "1/2-1/2"]
[WhiteElo "1817"]
[BlackElo "1835"]
[PlyCount "91"]
[EventDate "2012.06.02"]
[EventType "swiss"]
[EventRounds "7"]
[EventCountry "ENG"]
[SourceTitle "EXT 2014"]
[Source "ChessBase"]
[SourceDate "2013.11.20"]
[SourceVersion "1"]
[SourceVersionDate "2013.11.20"]
[SourceQuality "1"]

1. e4 c5 2. Nc3 d6 3. f4 g6 4. Nf3 Bg7 5. Bb5+ Bd7 6. Bxd7+ Qxd7 7. 0-0 Nc6 8. d3 e6 9. Kh1 Nge7 10. Be3 0-0 11. a3 a6 12. Rb1 Qc7 13. Ne2 b5 14. Qe1 f6 15. Qh4 h6 16. Qh3 f5 17. Nh4 Nd4 18. Nxd4 cxd4 19. Bg1 Rac8 20. Qg3 Kh7 21. Nf3 fxe4 22. Nxd4 Nf5 23. Nxf5 exf5 24. dxe4 fxe4 25. c3 d5 26. Rbd1 Rcd8 27. Qg4 Rf5 28. Be3 Rdf8 29. g3 Qc4 30. Rf2 Qc6 31. Kg1 Rd8 32. Rfd2 a5 33. Qe2 Rf7 34. Bd4 Bxd4+ 35. Rxd4 Rdd7 36. Qd2 Qb6 37. Kh1 Rde7 38. Rxd5 e3 39. Qd4 Qb7 40. Kg1 b4 41. axb4 axb4 42. Rd8 Rg7 43. Qd5 Qa7 44. Qd4 Qb7 45. Qd5 Qa7 46. Qd4 1/2-1/2

[Event "London e2e4 Diamond Jubilee op-C"]
[Site "London"]
[Date "2012.06.04"]
[Round "4"]
[White "Payne, Matthew"]
[Black "Clayton, Tristan"]
[Result "1/2-1/2"]
[WhiteElo "1944"]
[BlackElo "1817"]
[PlyCount "137"]
[EventDate "2012.06.02"]
[EventType "swiss"]
[EventRounds "7"]
[EventCountry "ENG"]
[SourceTitle "EXT 2014"]
[Source "ChessBase"]
[SourceDate "2013.11.20"]
[SourceVersion "1"]
[SourceVersionDate "2013.11.20"]
[SourceQuality "1"]

1. e4 c6 2. d4 d5 3. f3 dxe4 4. fxe4 e5 5. Nf3 Bg4 6. Bc4 Nd7 7. c3 Bd6 8. Qb3 Bh5 9. Ng5 Nh6 10. 0-0 0-0 11. h3 Nb6 12. Nf3 Nxc4 13. Qxc4 Bxf3 14. Rxf3 Qh4 15. Qe2 Rae8 16. Bxh6 Qxh6 17. Nd2 Kh8 18. Raf1 Qe6 19. Qc4 f6 20. d5 Qe7 21. Rd3 Rc8 22. Qa4 b5 23. Qb3 Qb7 24. c4 Qb6+ 25. Kh1 bxc4 26. Qxb6 axb6 27. Nxc4 Bc5 28. b3 Bd4 29. Nd6 Rc7 30. Rc1 c5 31. Nb5 Rd7 32. a4 f5 33. Rf1 g6 34. g4 Kg8 35. Rdf3 f4 36. Kg2 Kg7 37. Rc1 Ra8 38. Rc4 g5 39. Kf1 h6 40. Ke2 Kf6 41. Kd3 Ra5 42. Rf1 Ra8 43. Re1 Be3 44. Na3 Bd4 45. Nc2 Re8 46. Rb1 Ra8 47. Ne1 Ra5 48. Nf3 Ra8 49. Rh1 Rg8 50. Rc2 Rh7 51. b4 h5 52. gxh5 g4 53. Nxd4 exd4 54. Rg1 Rxh5 55. hxg4 Rh3+ 56. Kc4 Ke5 57. Re1 Rc8 58. Kb5 d3 59. Rc4 f3 60. bxc5 bxc5 61. Rxc5 Rxc5+ 62. Kxc5 d2 63. Rd1 f2 64. Kc4 Rg3 65. d6 Rxg4 66. d7 Rxe4+ 67. Kd3 Rd4+ 68. Ke2 Rxd7 69. Kxf2 1/2-1/2

[Event "Amersham e2e4 Challengers op"]
[Site "Amersham"]
[Date "2012.05.19"]
[Round "2"]
[White "Purvis, Anna"]
[Black "Clayton, Tristan"]
[Result "0-1"]
[WhiteElo "1518"]
[BlackElo "1817"]
[PlyCount "62"]
[EventDate "2012.05.18"]
[EventType "swiss"]
[EventRounds "5"]
[EventCountry "ENG"]
[SourceTitle "EXT 2014"]
[Source "ChessBase"]
[SourceDate "2013.11.20"]
[SourceVersion "1"]
[SourceVersionDate "2013.11.20"]
[SourceQuality "1"]

1. d4 d5 2. c4 e6 3. Nf3 Nf6 4. g3 Be7 5. Bg2 0-0 6. 0-0 Nbd7 7. Nc3 c6 8. c5 Re8 9. Re1 Nf8 10. Ne5 N6d7 11. Nxd7 Bxd7 12. e3 Ng6 13. a3 e5 14. b4 Qc7 15. e4 exd4 16. exd5 dxc3 17. d6 Bxd6 18. Rxe8+ Rxe8 19. cxd6 Qb8 20. Be3 Re6 21. Qa4 Rxd6 22. Qxa7 Qxa7 23. Bxa7 c2 24. Bf3 Ne5 25. Be2 Bg4 26. Kf1 Bh3+ 27. Ke1 Nd3+ 28. Bxd3 Rxd3 29. Ke2 Rxa3 30. Rxa3 c1Q 31. Rd3 Bf1+ 0-1

[Event "Brighton e2e4 Major-B"]
[Site "Brighton"]
[Date "2012.02.19"]
[Round "9"]
[White "Kalairajah, Shyam"]
[Black "Clayton, Tristan"]
[Result "1-0"]
[WhiteElo "1830"]
[BlackElo "1791"]
[PlyCount "51"]
[EventDate "2012.02.15"]
[EventType "swiss"]
[EventRounds "9"]
[EventCountry "ENG"]
[SourceTitle "EXT 2014"]
[Source "ChessBase"]
[SourceDate "2013.11.20"]
[SourceVersion "1"]
[SourceVersionDate "2013.11.20"]
[SourceQuality "1"]

1. e4 c6 2. c4 d5 3. cxd5 cxd5 4. exd5 Qxd5 5. Nc3 Qd8 6. Nf3 Nf6 7. d4 e6 8. Bc4 Be7 9. 0-0 0-0 10. Re1 Qc7 11. Bd3 a6 12. Be3 Nc6 13. Rc1 Qd8 14. Ne5 Nb4 15. Bb1 Nbd5 16. Qd3 Nb4 17. Qd1 Nbd5 18. Bg5 Bd7 19. Nxd5 Nxd5 20. Qd3 f5 21. Bxe7 Qxe7 22. Rc5 Rac8 23. Qb3 Bc6 24. Nxc6 Rxc6 25. Qxd5 Qxc5 26. Qxc5 1-0

[Event "Brighton e2e4 Major-B"]
[Site "Brighton"]
[Date "2012.02.17"]
[Round "4"]
[White "Parry, Jacques"]
[Black "Clayton, Tristan"]
[Result "0-1"]
[WhiteElo "1774"]
[BlackElo "1791"]
[PlyCount "100"]
[EventDate "2012.02.15"]
[EventType "swiss"]
[EventRounds "9"]
[EventCountry "ENG"]
[SourceTitle "EXT 2014"]
[Source "ChessBase"]
[SourceDate "2013.11.20"]
[SourceVersion "1"]
[SourceVersionDate "2013.11.20"]
[SourceQuality "1"]

1. d4 d5 2. c4 e6 3. Nc3 Nf6 4. cxd5 exd5 5. Bg5 Be7 6. e3 0-0 7. Bd3 c6 8. Qc2 Nbd7 9. Nge2 Re8 10. 0-0 Nf8 11. Rae1 Bd7 12. f3 Nh5 13. Bxe7 Rxe7 14. e4 dxe4 15. fxe4 Qa5 16. e5 f6 17. exf6 Nxf6 18. Nf4 Rxe1 19. Rxe1 Qb4 20. Qd2 Qxd4+ 21. Kh1 Bf5 22. Nce2 Qd7 23. Bc4+ Kh8 24. Qxd7 Bxd7 25. Ng3 Re8 26. Rf1 Ne6 27. Nxe6 Bxe6 28. Bxe6 Rxe6 29. Rd1 h6 30. h3 Kh7 31. Kh2 Nd5 32. Rf1 Rf6 33. Rxf6 Nxf6 34. Nf5 Ne4 35. Ne7 g6 36. Nc8 a6 37. Nb6 Kg7 38. g3 Kf7 39. Kg2 Ke6 40. Kf3 Nf6 41. Nc4 Kd5 42. Ne3+ Kd4 43. Ke2 c5 44. Nc2+ Ke4 45. Ne3 b5 46. Nc2 Nh5 47. Kf2 Kd3 48. Ne3 Nxg3 49. Ng4 Ne4+ 50. Kg2 Kc2 0-1

[Event "Brighton e2e4 Major-B"]
[Site "Brighton"]
[Date "2012.02.16"]
[Round "3"]
[White "Clayton, Tristan"]
[Black "Doran, Niall"]
[Result "1-0"]
[WhiteElo "1791"]
[BlackElo "1693"]
[PlyCount "37"]
[EventDate "2012.02.15"]
[EventType "swiss"]
[EventRounds "9"]
[EventCountry "ENG"]
[SourceTitle "EXT 2014"]
[Source "ChessBase"]
[SourceDate "2013.11.20"]
[SourceVersion "1"]
[SourceVersionDate "2013.11.20"]
[SourceQuality "1"]

1. e4 e6 2. d4 d5 3. Nd2 c5 4. Ngf3 Nc6 5. c3 Bd7 6. Be2 cxd4 7. Nxd4 Nxd4 8. cxd4 Qb6 9. exd5 exd5 10. 0-0 Qxd4 11. Qb3 Bd6 12. Nf3 Qb6 13. Qxd5 Nf6 14. Qg5 0-0 15. Be3 Qxb2 16. Bd4 h6 17. Qxf6 gxf6 18. Bxb2 Rae8 19. Bd3 1-0

[Event "Brighton e2e4 Major-B"]
[Site "Brighton"]
[Date "2012.02.16"]
[Round "2"]
[White "Clayton, Tristan"]
[Black "Norman, Dinah M"]
[Result "1/2-1/2"]
[WhiteElo "1791"]
[BlackElo "1883"]
[PlyCount "41"]
[EventDate "2012.02.15"]
[EventType "swiss"]
[EventRounds "9"]
[EventCountry "ENG"]
[SourceTitle "EXT 2014"]
[Source "ChessBase"]
[SourceDate "2013.11.20"]
[SourceVersion "1"]
[SourceVersionDate "2013.11.20"]
[SourceQuality "1"]

1. e4 c6 2. d4 d5 3. Nc3 dxe4 4. Nxe4 Nd7 5. Nf3 Ngf6 6. Ng3 e6 7. Bd3 c5 8. 0-0 Be7 9. b3 0-0 10. Bb2 cxd4 11. Nxd4 Nc5 12. Be2 a6 13. Bf3 Qc7 14. Qe2 Re8 15. c4 Bd7 16. Rfd1 Rad8 17. Rac1 h6 18. Qc2 Qc8 19. Ba1 Qc7 20. Bb2 Qc8 21. Ba1 1/2-1/2

[Event "Brighton e2e4 Major-B"]
[Site "Brighton"]
[Date "2012.02.15"]
[Round "1"]
[White "Georgiev, Ivan1111"]
[Black "Clayton, Tristan"]
[Result "1/2-1/2"]
[WhiteElo "1796"]
[BlackElo "1791"]
[PlyCount "59"]
[EventDate "2012.02.15"]
[EventType "swiss"]
[EventRounds "9"]
[EventCountry "ENG"]
[SourceTitle "EXT 2014"]
[Source "ChessBase"]
[SourceDate "2013.11.20"]
[SourceVersion "1"]
[SourceVersionDate "2013.11.20"]
[SourceQuality "1"]

1. e4 c6 2. d4 d5 3. exd5 cxd5 4. Bd3 Nc6 5. c3 Qc7 6. h3 Nf6 7. Ne2 g6 8. Bf4 Qb6 9. Qc2 Bg7 10. Nd2 0-0 11. 0-0 Re8 12. Nf3 Bd7 13. Ng3 Rac8 14. Qd2 Na5 15. Ne5 Nc4 16. Bxc4 dxc4 17. Nxd7 Nxd7 18. Be3 Qa5 19. Ne4 Rcd8 20. Rfe1 b6 21. Qe2 Qd5 22. Nd2 Rc8 23. Nf3 e5 24. dxe5 Nxe5 25. Nxe5 Rxe5 26. Rad1 Qe6 27. Qd2 Re8 28. Kf1 Qf5 29. Kg1 Qe6 30. Kf1 1/2-1/2